E-Banking System (Record no. 58254)

MARC details
000 -LEADER
fixed length control field 00478nam a2200169Ia 4500
082 ## - DEWEY DECIMAL CLASSIFICATION NUMBER
Classification number R/6IT12
100 ## - MAIN ENTRY--AUTHOR NAME
Personal name Saddam Shar
100 ## - MAIN ENTRY--AUTHOR NAME
Personal name Roll No. 12BS(IT)66
245 #0 - TITLE STATEMENT
Title E-Banking System
260 ## - PUBLICATION, DISTRIBUTION, ETC. (IMPRINT)
Place of publication Nawabshah
Name of publisher QUEST
Year of publication 2016
300 ## - PHYSICAL DESCRIPTION
Number of Pages 62p
700 ## - ADDED ENTRY--PERSONAL NAME
Personal name Mamoon Ahmed Alvi (Roll No. 12BS(IT)17)
700 ## - ADDED ENTRY--PERSONAL NAME
Personal name Muhammad Qasim Dahri (Roll No. 12BS(IT)48)
700 ## - ADDED ENTRY--PERSONAL NAME
Personal name Mujtaba Khoso (Roll No. 12BS(IT)52)
700 ## - ADDED ENTRY--PERSONAL NAME
Personal name Sartaj Junejo (Roll No. 12BS(IT)46)
942 ## - ADDED ENTRY ELEMENTS (KOHA)
Koha item type Thesis and Dissertation
Holdings
Withdrawn status Lost status Home library Current library Date acquired Accession Number Koha item type
    Central Library, QUEST, Nawabshah Research Section 17/04/2018 ITP/11-99 Thesis and Dissertation